000 00550nam a2200181 a 4500
001 6045
003 CO-ViMGA
008 141112s2004 ck r 000 u spa d
020 _a9700708365
040 _aCO-ViMGA
_bspa
_cCO-ViMGA
082 0 4 _a346.059 D654
100 1 _aDomínguez Martínez, Jorge Alfredo
_94655
245 1 0 _aEl fideicomiso :
_bnegocio jurídico :
_bregimen fiscal inmobiliario; instrumento en la inversión extranjera
260 _aMexico :
_bPorrúa,
_c1972
300 _a376 p
650 1 4 _aFIDEICOMISOS
_94656
942 _2ddc
_cBK
999 _c18019
_d18019